000
00208nam a2200097Ia 4500
008
240331s9999 xx 000 0 und d
082
_a
100
_b
BER
100
_a
Berlin, I
245
4
_a
The Power of Ideas
942
_c
L
999
_c
675
_d
675